Most Visited Countries by Slovenes - Statistics

General Stats
  • This quiz has been taken 370 times
  • The average score is 5 of 6
Answer Stats
No.tourists Destination % Correct
129,000 Italy
99%
1,494,000 Croatia
94%
162,000 Austria
91%
117,000 Germany
88%
75,000 Serbia
84%
157,000 Bosnia and Herzegovina
81%
No matching quizzes found
Score Distribution
Percent of People with Each Score
Percentile by Number Answered
Your Score History
You have not taken this quiz